| 000 | 00399 a2200133 4500 | ||
|---|---|---|---|
| 001 | ART_12848 | ||
| 005 | 20260410161733.0 | ||
| 008 | 260409a | ||
| 245 | 1 | 0 | _aLa argentina frente al espejo de la crisis |
| 100 | 1 | _aExpósito, David | |
| 700 | 1 | _aBlasco, Eduardo | |
| 700 | 1 | _aMora y Araujo, Manuel | |
| 773 | 0 |
_tEjecutivos de finanzas _g- Año 7, Nº 54 (abr. 1989) _wREV2863 |
|
| 999 |
_c18077 _d18077 |
||